00417nam a22001457a 450000500170000002000180001710000210003524500580005626000400011430000130015449000360016750000450020365000130024865000100026120260703141659.0 a9789349750746 aFaulkner, John R aRole of nonassociative algebra in projective geometry aTelanganabUniversities pressc2026 axiv +229 aGraduate studies in mathematics a Graduate studies in mathematics vol 159 aOctonion aRings